| 000 | 00774nam a22002417a 4500 | ||
|---|---|---|---|
| 005 | 20260515115025.0 | ||
| 008 | 240819b |||||||| |||| 00| 0 eng d | ||
| 020 | _a9789358491043 | ||
| 040 |
_aIN-DiNC _cIN-DiNC |
||
| 041 | _deng | ||
| 082 |
_a320.954 _bDAS |
||
| 100 |
_aDas, Deepan _eauthor |
||
| 245 |
_aDevelopment processes and social movement in contemporary India/ _cby Deepan Das, Silpika Dutta and Santisaya Baruah |
||
| 250 | _a1st ed. | ||
| 260 |
_aDibrugarh: _bBanalata, _c2024. |
||
| 300 | _a224p. | ||
| 650 | _aDevelopment process since independence | ||
| 650 | _aSocial movements in India | ||
| 650 | _aPolitical situation of India since independence | ||
| 700 |
_aDutta, Silpika _eauthor |
||
| 700 |
_aBaruah, Santisaya _eauthor |
||
| 942 |
_2ddc _cBK |
||
| 999 |
_c11851 _d11851 |
||